[Event "RSA-ch U08 Girls"]
[Site "Gauteng"]
[Date "2017.04.10"]
[Round "9"]
[White "Olivier, Lienke"]
[Black "Pienaar, Libby"]
[Result "0-1"]
[WhiteElo "500"]
[BlackElo "646"]
[PlyCount "43"]
[EventDate "2017.04.05"]
[EventType "swiss"]
[EventRounds "11"]
[EventCountry "RSA"]
[SourceTitle "CBM 177 Extra"]
[Source "ChessBase"]
[SourceDate "2017.04.27"]
[SourceVersion "1"]
[SourceVersionDate "2017.04.27"]
[SourceQuality "1"]

1. d4 e6 2. e4 Bb4+ 3. c3 Bd6 4. Nf3 Nf6 5. Bg5 0-0 6. Bc4 Be7 7. Bd3 d5 8. exd5 exd5 9. c4 dxc4 10. Bxc4 Bb4+ 11. Nc3 Qe8+ 12. Ne5 Bg4 13. Qd2 h6 14. Bxf6 Bd6 15. 0-0 Bxe5 16. dxe5 Nc6 17. Qe2 Bxe2 18. Bxe2 Nb4 19. a3 Nc2 20. Rac1 Rd8 21. Rxc2 Qe7 22. Nd5 0-1

[Event "RSA-ch U08 Girls"]
[Site "Gauteng"]
[Date "2017.04.10"]
[Round "10"]
[White "Pienaar, Libby"]
[Black "Brink, Samantha"]
[Result "1-0"]
[WhiteElo "646"]
[BlackElo "506"]
[PlyCount "54"]
[EventDate "2017.04.05"]
[EventType "swiss"]
[EventRounds "11"]
[EventCountry "RSA"]
[SourceTitle "CBM 177 Extra"]
[Source "ChessBase"]
[SourceDate "2017.04.27"]
[SourceVersion "1"]
[SourceVersionDate "2017.04.27"]
[SourceQuality "1"]

1. e4 e6 2. Nf3 Qe7 3. d4 Qb4+ 4. Bd2 Qd6 5. e5 Qe7 6. Bg5 Qb4+ 7. Nbd2 d6 8. c3 Qa5 9. Nb3 Qa6 10. Bxa6 bxa6 11. 0-0 f6 12. exf6 gxf6 13. Bh4 Ne7 14. Re1 Ng6 15. Bxf6 Rg8 16. Rxe6+ Bxe6 17. Qe1 Kd7 18. Qxe6+ Kxe6 19. Nc5+ Kxf6 20. Nd2 Rg7 21. Re1 dxc5 22. dxc5 Nc6 23. Re3 Nge5 24. Rf3+ Kg5 25. Nf1 Re8 26. h3 a5 27. Rg3+ Kf5 1-0

[Event "RSA-ch U08 Girls"]
[Site "Gauteng"]
[Date "2017.04.08"]
[Round "6"]
[White "Pienaar, Libby"]
[Black "Chauke, Nosipho"]
[Result "0-1"]
[WhiteElo "646"]
[BlackElo "500"]
[PlyCount "24"]
[EventDate "2017.04.05"]
[EventType "swiss"]
[EventRounds "11"]
[EventCountry "RSA"]
[SourceTitle "CBM 177 Extra"]
[Source "ChessBase"]
[SourceDate "2017.04.27"]
[SourceVersion "1"]
[SourceVersionDate "2017.04.27"]
[SourceQuality "1"]

1. e4 e5 2. Nf3 Nc6 3. Bb5 a6 4. Bc4 Bc5 5. 0-0 d6 6. d3 Be6 7. Ng5 Bg4 8. Qd2 Nf6 9. Nxf7 Qe7 10. Nc3 Qf8 11. d4 Bxd4 12. Nxh8 Bxc3 0-1

[Event "RSA-ch U08 Girls"]
[Site "Gauteng"]
[Date "2017.04.07"]
[Round "5"]
[White "Reddy, Deeya"]
[Black "Pienaar, Libby"]
[Result "1-0"]
[WhiteElo "500"]
[BlackElo "646"]
[PlyCount "23"]
[EventDate "2017.04.05"]
[EventType "swiss"]
[EventRounds "11"]
[EventCountry "RSA"]
[SourceTitle "CBM 177 Extra"]
[Source "ChessBase"]
[SourceDate "2017.04.27"]
[SourceVersion "1"]
[SourceVersionDate "2017.04.27"]
[SourceQuality "1"]

1. e4 e5 2. Nf3 Nf6 3. Nc3 Nc6 4. Bc4 Na5 5. Ng5 Nxc4 6. Nf3 Bc5 7. 0-0 0-0 8. d3 d6 9. Bd2 Nxb2 10. Be3 Nxd3 11. cxd3 a5 12. Bxc5 1-0